| 000 | 00000nas 2200000zi 4500 |
| 001 | 9.931272 |
| 003 | CaOODSP |
| 005 | 20231215134232 |
| 006 | m o d f |
| 007 | cr cn |||||||| |
| 008 | 231208d20142022qucar p o f0### 0eng d |
| 040 | |aCaOODSP|beng|erda|cCaOODSP |
| 043 | |an-cn--- |
| 086 | 1 |aNM21-6E-PDF |
| 110 | 2 |aCanadian Museum of History.|eauthor, |eissuing body. |
| 245 | 10|aInfo source : |bsources of federal government and employee information ... |
| 246 | 30|aSources of federal government and employee information |
| 264 | 1|aGatineau, Québec : |bCanadian Museum of History, |c[2014-2022] |
| 310 | |aAnnual |
| 336 | |atext|btxt|2rdacontent |
| 337 | |acomputer|bc|2rdamedia |
| 338 | |aonline resource|bcr|2rdacarrier |
| 362 | 1 |aBegan with: 2014; ceased with: 2022. |
| 500 | |aIssued also in French under title: Info source : sources de renseignements du gouvernement fédéral et sur les fonctionnaires fédéraux ... |
| 550 | |aCo-issued by: Canadian War Museum. |
| 588 | |aDescription based on: 2014; title from PDF cover page. |
| 588 | |aLatest issue consulted: 2022. |
| 610 | 20|aCanadian Museum of History|vPeriodicals. |
| 610 | 20|aCanadian War Museum|vPeriodicals. |
| 650 | 0|aGovernment information|zCanada|vPeriodicals. |
| 650 | 0|aPublic records|xAccess control|zCanada|vPeriodicals. |
| 655 | 7|aPeriodicals|2lcgft |
| 710 | 2 |aCanadian War Museum, |eauthor, |eissuing body. |
| 775 | 08|tInfo source : |w(CaOODSP)9.931271 |
| 785 | 00|tInformation about programs and information holdings : |w(CaOODSP)9.931285 |